00939nam a2200229 a 4500001001000000003000500010005001700015008004100032010001100073011001100084040000900095100003000104245017600134260004100310500006000351502008100411650002100492650002400513650002100537700003700558856011400595000111216CHAP20220329144202.0150120s2014 mx a |sm |||||||spa d a107678 a108650 cCHAP1 aMorales Zárate, Josué10aPrototipo de un sistema de riego por goteo para producción familiar usando energía solarh[En línea]cpor Josué Morales Zárate y Ángel Mauricio Solano Mellado. aChapingo, Méx. :bEl autor,c2014. aPara ver el contenido del material haga clic en la liga aTesis (Ing. Agr. Esp. en Irrigación) -- UACH. Departamento de Irrigación14aEnergía solar.14aHuertos familiares.14aRiego por goteo.1 aSolano Mellado, Ángel Mauricio aFinding aiduhttp://www.ceres.chapingo.mx:2048/login?url=http://10.13.5.2/tesis/sist111216.pdfzTeclea aquí